LEADER 00616nam a2200181 i 4500 001 000000008841 003 CaOOAMICUS 005 20180830125439.0 008 180830s1977 it u000 u ita u 040 $aSeMil$bita 245 13$aIl convento-ospedale di S. Antonio di Bologna. 300 $av. 700 1 $aRadice, Gianfranco,$d<1924-1993>.$0(OLS)http://semarc/name/3885 700 1 $aMapelli, Celestino .$0(OLS)http://semarc/name/4344 773 0 $tLibro 1..$w()8794 774 0 $tVol. 1.$w()90180 774 0 $tVol. 2.$w()120706 996 $6245$aIl convento-ospedale di S. Antonio di Bologna$9(OLS)http://semarc/title/11699 LEADER 01245nas a2200229 i 4500 001 000000185628 003 CaOOAMICUS 005 20100420000000.0 008 100121b2009 it uu u0 0ita r 013 $a163662 040 $aSeMil$bita 245 14$aUna storia di emigrazione dal lecchese ; Dall'Impero asburgico al Regno d'Italia :$bdue secoli di difesa del Piano di Spagna ; Due rari crocifissi a braccia mobili ; ... ; Se Manzoni avesse conosciuto Mantegazza .. 260 $aOggiono (LC) :$bCattaneo,$c2009. 300 $a119 p. :$bill. ;$c24 cm. 500 $aTitoli dalla copertina. 773 0 $tArchivi di Lecco e della Provincia.$dOggiono (LC) : Cattaneo, 2004.$x1824-7059$w()15039 774 0 $t[vedi periodico].$w()272460 850 $aSeMil 852 $aSeMil$W1$xVenegono$y1$m97 2 44$j136319$B136319$CSeMilBibl$Z2$F151000 $85 961 $aAbbonamento: Cattaneo Editore 996 $6245$aUna storia di emigrazione dal lecchese ; Dall'Impero asburgico al Regno d'Italia :$bdue secoli di difesa del Piano di Spagna ; Due rari crocifissi a braccia mobili ; ... ; Se Manzoni avesse conosciuto Mantegazza ..$9(OLS)http://semarc/title/266809 996 $6260$aOggiono (LC) :$bCattaneo$9(OLS)http://semarc/publisher/33326